Gemeenten van Flevoland (2026) - Statistieken

Algemene statistieken
  • Deze quiz is 66 keer genomen
  • De gemiddelde score is 5 van 6
Antwoorden op de kaart
Antwoorden kleurgecodeerd door een groen-rode schaal op de quizkaart volgens % correct hieronder.
 
Antwoordstatistieken
Antwoord % Correct
Almere
97%
Lelystad
97%
Urk
97%
Noordoostpolder
86%
Dronten
83%
Zeewolde
74%
Geen overeenkomende quizzen gevonden
Scoreverdeling
Procent van Mensen met Elke Score
Percentiel versus Aantal Correcte Antwoorden
Uw Scoregeschiedenis
U heeft deze quiz nog niet genomen